000 00562nam a2200217Ia 4500
003 OSt
005 20230329105545.0
008 210423s2009 xx 000 0 und d
020 _a9781420052671
040 _cAL
041 _aeng
082 _a363.738
_223
_bMANS
100 _aMANAHAN (Stanley E).
_979480
245 _aFundamentals of environmental chemistry.
250 _a3
260 _aBoca Raton
_bCRC Press
_c2009
300 _axxviii,1233
_bHB
365 _b3559
_cINR
906 _achemistry. ; environmental ; Fundamentals
942 _2ddc
_cBK
999 _c154437
_d154437